Historical Timeline of Thailand - Statistics

General Stats
  • This quiz has been taken 116 times
  • The average score is 6 of 8
Answer Stats
Year Hint Answer % Correct
1351 Ayuttha__ Kingdom Ayutthaya Kingdom
97%
1238 Sukoth__ Kingdom Sukothai Kingdom
89%
1768 Thonbu__ Kingdom Thonburi Kingdom
82%
1782 Rattanakos__ Kingdom Rattanakosin Kingdom
76%
1292 Lan__ Kingdom Lanna Kingdom
75%
450 Kingdom of Lav_ Kingdom of Lavo
74%
661 Hariphunch__ Hariphunchai
62%
638 Noenyan_ Kingdom Noenyang Kingdom
59%
No matching quizzes found
Score Distribution
Percent of People with Each Score
Percentile by Number Answered
Your Score History
You have not taken this quiz